002220000a220007300045001000022000002450028000223000066000507730032001161 aCanclini, Arnoldo10aLa Biblia como historia aVol.60, núm.277 (Noviembre, diciembre, 2005), Páginas 6-70 tLa Biblia de las Américas